| 000 | 00612nam a2200229 a 4500 | ||
|---|---|---|---|
| 001 | nice12345678 | ||
| 003 | IN_TiNIC | ||
| 005 | 20260116013957.0 | ||
| 008 | 050524s1993 mica grd 000 0 eng | ||
| 020 |
_a0310004 _c552 |
||
| 082 | 0 | 0 |
_a291.9 _bMAT |
| 100 | _aMather, George A | ||
| 245 | _aDictionary of Cults, Sects, Religions and the Occult | ||
| 260 |
_aMichigan _bZondervan Publishing House _c1993 |
||
| 300 | _a384p | ||
| 500 | _aincludes index and biblioraphy | ||
| 505 | 2 | _abibliography | |
| 650 | _aComparative Religion-Cults | ||
| 902 | _bSRS | ||
| 942 | _cBK | ||
| 999 |
_c13341 _d13341 |
||